000 01796cam a22004574i 4500
003 PE-LiUPU
005 20250731173429.0
008 150706s r 000 0 d
035 _a(Sirsi) a52142
040 _aPE-LiUPU
_bspa
_cPE-LiUPU
_erda
049 _aPRUA
082 0 4 _a227.85
_bR71
_221
100 1 _aRobertson, A. W.,
_eautor.
245 1 0 _aFe y obras en la epístola a Tito /
_cA. W. Robertson.
264 1 _aCosta Rica :
_bDesarrollo cristiano internacional,
_c2002.
300 _a128 páginas ;
_c21 cm.
336 _atext
_2rdacontent
337 _aunmediated
_2rdamedia
338 _avolume
_2rdacarrier
504 _aIncluye bibliografía.
505 0 _aIntroducción a la epístola -- Las iglesias de Creta: autoridades, miembros y problemas -- Salvación y santificación -- La trinidad de la salvación -- Justificación y herencia del cristiano -- Buenas obras y disciplina cristiana -- Reflexiones finales sobre la epístola.
526 _aSEG42
526 _aSEG41
526 _aSEG40
526 _aSEG39
526 _aP94
526 _aP87
526 _aP86
526 _aP85
526 _aP77
526 _aP76
526 _aP35
541 _g001-0000622;
630 _aBiblia.
_pN.T.
_pTito
_xComentarios.
910 _clch
_d20130508
942 _2ddc
_cBOOK
949 _a227.85 R71
_wDEWEY
_c1
_i67036
_lCCODEBUL1
_mBUL
_p08.00
_r0
_sY
_tLIBRO
_u2015-07-06
_xTEOLOGIA
_PP35
_o.STAFF. Colección General
994 _aC0
_bPEPRU
596 _a1
999 _a227.85 R71
_wDEWEY
_c54742
_i67036
_d54742
_e2018-2-28
_f2021-11-9
_g5
_lCCODEBUL1
_mBUL
_n1
_p8.00
_q3
_r0
_sY
_tBOOK
_u2015-7-6
_xTEOLOGIA
_PP35
_0COMPRA
_o.STAFF. Colección General
980 _81
_gALBERTO SANCHEZ Responsable de Automatización